01378nam a22002177a 450000500170000000800410001702000180005804000070007604100080008308200210009110000180011224500300013026000380016030000240019836500560022252007760027865000230105465000260107765000220110365000350112520251208092708.0220909b ||||| |||| 00| 0 eng d a9789352873876 cAL aeng 223a942.03bASHS aPadmaja Ashok aSocial history of England aHyderabadbOrient Blackswanc2022 ax,158pbPBc21x14cm 2Englisha3496b152.00c₹d195.00e22%f09-08-2022 aThe Social History of England is a concise survey of the important historical and political milestones of English history, from pre-history to the present. As a study that examines their impact upon the society and the literature of England, it is both crucial and indispensable for a complete understanding and appreciation of English literature. The book encapsulates more than two thousand five hundred years of history. It includes chapters on the origin and growth of political parties in England and also the impact of major internal and international events on contemporary life in England. The simple and straightforward approach of The Social History of England is supplemented with genealogical charts, maps and a glossary, which are very useful to the student. aHistory of England aIndustrial Revolution aRulers of England aColonies of the British Empire